[Event "GER-chT U14 Girls"]
[Site "Greifswald"]
[Date "2001.12.27"]
[Round "1.4"]
[White "Schmit, Selina"]
[Black "Hiller, Eugenia"]
[Result "0-1"]
[WhiteElo "1039"]
[BlackElo "1093"]
[PlyCount "74"]
[EventDate "2001.12.27"]
[EventType "team-swiss"]
[EventRounds "7"]
[EventCountry "GER"]
[SourceTitle "EXT 2003"]
[Source "ChessBase"]
[SourceDate "2002.11.25"]
[SourceVersion "1"]
[SourceVersionDate "2002.11.25"]
[SourceQuality "1"]
[WhiteTeam "Mutterstadt U14 Girls"]
[BlackTeam "Porz SG U14 Girls"]
[WhiteTeamCountry "GER"]
[BlackTeamCountry "GER"]

1. e4 e5 2. Nf3 Nc6 3. d4 d6 4. Be3 Bg4 5. c3 d5 6. Nbd2 Nf6 7. Bd3 Qd7 8. 0-0 Be7 9. h3 Bh5 10. Qc2 a6 11. Rac1 b5 12. b3 0-0 13. a4 Rfb8 14. c4 Nb4 15. Nxe5 Nxc2 16. Nxd7 Nxe3 17. fxe3 Nxd7 18. exd5 bxa4 19. bxa4 Bg5 20. Rce1 Re8 21. Be4 Nf6 22. Nf3 Bh6 23. g4 Nxe4 24. gxh5 Nd6 25. c5 Nb7 26. Rb1 Bxe3+ 27. Kg2 Na5 28. Rfe1 Bf4 29. Rxe8+ Rxe8 30. Ne5 g6 31. Nd7 Kg7 32. Rb8 Re7 33. Kf3 Rxd7 34. Kxf4 Rxd5 35. Ke4 Rxh5 36. d5 Rh4+ 37. Ke5 Nc4# 0-1